[Event "BCF-ch U16"]
[Site "Llandudno"]
[Date "2017.07.30"]
[Round "1"]
[White "Rajesh, Gorak"]
[Black "Miller, Dominic"]
[Result "0-1"]
[WhiteElo "1763"]
[BlackElo "2103"]
[PlyCount "81"]
[EventDate "2017.07.30"]
[EventType "swiss"]
[EventRounds "7"]
[EventCountry "WLS"]
[SourceTitle "CBM 179 Extra"]
[Source "ChessBase"]
[SourceDate "2017.08.23"]
[SourceVersion "1"]
[SourceVersionDate "2017.08.23"]
[SourceQuality "1"]

1. e4 e5 2. Nf3 Nc6 3. Bb5 a6 4. Bxc6 dxc6 5. 0-0 Bg4 6. h3 h5 7. d3 Qf6 8. Nbd2 Ne7 9. Re1 Ng6 10. d4 Nf4 11. hxg4 hxg4 12. g3 gxf3 13. Qxf3 Ne6 14. Qxf6 gxf6 15. dxe5 Nd4 16. Rb1 Nxc2 17. Rf1 fxe5 18. Nf3 Bd6 19. Bg5 f6 20. Bd2 c5 21. Kg2 Nd4 22. b4 Nxf3 23. Kxf3 cxb4 24. Bxb4 Bxb4 25. Rxb4 0-0-0 26. Rfb1 b6 27. Rc1 Kb7 28. Kg4 Rhg8+ 29. Kf5 Rd6 30. f4 Rxg3 31. Rbc4 c5 32. fxe5 Rg5+ 33. Kf4 Rxe5 34. a4 Kc6 35. Ke3 b5 36. axb5+ axb5 37. Rb4 Kb6 38. Rb2 Rd4 39. Ra2 Rexe4+ 40. Kf3 Ra4 41. Rh2 0-1

[Event "Southend op 58th"]
[Site "Southend"]
[Date "2014.04.20"]
[Round "5"]
[White "Whatley, Stephen Arthur"]
[Black "Rajesh, Gorak"]
[Result "1/2-1/2"]
[WhiteElo "1865"]
[BlackElo "1500"]
[PlyCount "165"]
[EventDate "2014.04.18"]
[EventType "swiss"]
[EventRounds "7"]
[EventCountry "ENG"]
[SourceTitle "EXT 2016"]
[Source "ChessBase"]
[SourceDate "2015.10.08"]
[SourceVersion "1"]
[SourceVersionDate "2015.10.08"]
[SourceQuality "1"]

1. e4 e5 2. Nf3 Nc6 3. Bc4 Nf6 4. d3 Be7 5. 0-0 0-0 6. Qe2 d6 7. a4 Bg4 8. Be3 Na5 9. Ba2 c5 10. h3 Bh5 11. g4 Bg6 12. Nh4 Kh8 13. f4 exf4 14. Bxf4 Nc6 15. Nc3 Nd4 16. Qg2 Nd7 17. Nxg6+ fxg6 18. Nd5 Nf6 19. Nxe7 Qxe7 20. Qh2 Rad8 21. Rae1 Ng8 22. g5 Ne6 23. Bxe6 Qxe6 24. Re2 d5 25. Rfe1 d4 26. b3 Rf7 27. Rf1 a6 28. Ref2 b5 29. Bc7 Rdd7 30. Rxf7 Rxf7 31. Rxf7 Qxf7 32. Qf4 Qxf4 33. Bxf4 Ne7 34. Bd6 Nc6 35. Bxc5 Kg8 36. axb5 axb5 37. Kf2 Kf7 38. Kf3 Ke6 39. Kf4 Kf7 40. Bb6 Ke7 41. Bc5+ Kf7 42. e5 Ke6 43. Ke4 Nxe5 44. Bxd4 Nf7 45. Be3 Nd6+ 46. Kf4 Nf5 47. c4 bxc4 48. dxc4 Kd6 49. b4 Kd7 50. b5 Nd6 51. Kf3 Nxc4 52. Bf4 Nb6 53. Ke4 Nc8 54. Kd5 Ne7+ 55. Kc5 Kc8 56. Bd6 Nf5 57. Kc6 Nd4+ 58. Kb6 Kd7 59. Be5 Ne6 60. Ka6 Nxg5 61. b6 Ne6 62. Ka7 Nd8 63. Bxg7 Nc6+ 64. Kb7 Nd8+ 65. Kb8 Nc6+ 66. Ka8 Nd8 67. Be5 Nc6 68. Bc7 Na5 69. Ka7 Nc6+ 70. Kb7 Na5+ 71. Ka6 Nc6 72. Kb5 Nd4+ 73. Kc4 Ne6 74. Bg3 Kc6 75. Bf2 Ng5 76. h4 Nf3 77. Kd3 Nxh4 78. Bxh4 Kxb6 79. Ke4 Kc6 80. Ke5 h6 81. Kf6 g5 82. Bxg5 hxg5 83. Kxg5 1/2-1/2

[Event "Wch U12"]
[Site "Maribor"]
[Date "2012.11.09"]
[Round "2.47"]
[White "Vogel, Roven"]
[Black "Rajesh, Gorak"]
[Result "1-0"]
[WhiteElo "1984"]
[BlackElo "1428"]
[PlyCount "91"]
[EventDate "2012.11.08"]
[EventType "swiss"]
[EventRounds "11"]
[EventCountry "SLO"]
[SourceTitle "EXT 2013"]
[Source "ChessBase"]
[SourceDate "2012.11.22"]
[SourceVersion "1"]
[SourceVersionDate "2012.11.22"]
[SourceQuality "1"]

1. d4 f5 2. c4 Nf6 3. Nc3 e6 4. g3 d5 5. Nf3 Bb4 6. Qb3 Nc6 7. Bg2 0-0 8. 0-0 b6 9. Rd1 a5 10. cxd5 exd5 11. Ne5 Ne7 12. Bf4 Bb7 13. Rac1 Rc8 14. Bf3 h6 15. h4 Kh7 16. Nb5 Bd6 17. Rc2 Ng6 18. Nxg6 Kxg6 19. Nxd6 cxd6 20. Rxc8 Qxc8 21. Qxb6 Qc6 22. Qxc6 Bxc6 23. Bxd6 Rd8 24. Bc7 Ra8 25. Rc1 Bb7 26. Be5 Ra6 27. Rc7 Rb6 28. b3 Ne8 29. Re7 Nf6 30. Rc7 Ne8 31. Rc5 a4 32. bxa4 Ra6 33. a5 Nf6 34. Bxf6 Kxf6 35. Bxd5 Bxd5 36. Rxd5 Ke6 37. Re5+ Kf6 38. e3 g6 39. Kf1 Rc6 40. Rc5 Ra6 41. Ke2 Ke6 42. Kd3 Ra8 43. Rb5 Rc8 44. a6 Ra8 45. Rb6+ Kd5 46. f3 1-0

[Event "Hastings Masters op 87th"]
[Site "Hastings"]
[Date "2011.12.30"]
[Round "3"]
[White "Spanton, Timothy"]
[Black "Rajesh, Gorak"]
[Result "0-1"]
[WhiteElo "1978"]
[BlackElo "1401"]
[PlyCount "120"]
[EventDate "2011.12.28"]
[EventType "swiss"]
[EventRounds "9"]
[EventCountry "ENG"]
[SourceTitle "CBM 146 Extra"]
[Source "ChessBase"]
[SourceDate "2012.02.29"]
[SourceVersion "1"]
[SourceVersionDate "2012.02.29"]
[SourceQuality "1"]

1. e4 c5 2. Nf3 d6 3. c3 Nf6 4. Be2 Nc6 5. d4 cxd4 6. cxd4 e6 7. Nc3 Be7 8. 0-0 0-0 9. h3 a6 10. Be3 b5 11. a3 Bb7 12. e5 Nd5 13. Qd2 Na5 14. Nxd5 Bxd5 15. Rad1 Bb3 16. Rc1 d5 17. Ne1 Bc4 18. Bxc4 bxc4 19. Qe2 Qb6 20. f4 g6 21. g4 Rab8 22. Rc2 Nb3 23. Nf3 Rfd8 24. Qf2 Rd7 25. Kh1 Kh8 26. h4 Bf8 27. h5 Na5 28. Qh4 h6 29. Rh2 Qb3 30. Bc1 Qd3 31. Kg1 Be7 32. Qh3 g5 33. fxg5 Bxg5 34. Bxg5 hxg5 35. Rd2 Qe3+ 36. Kh1 Rdb7 37. Re1 Qf4 38. Qg2 Rb3 39. Rf2 Rd3 40. Ref1 Rbb3 41. Nxg5 Qxg5 42. Rxf7 Rh3+ 43. Kg1 Rbg3 44. Rf8+ Qg8 45. R1f6 Qxf8 46. Rxf8+ Kg7 47. Rf6 Rxg2+ 48. Kxg2 Rb3 49. h6+ Kh7 50. g5 Rxb2+ 51. Kg3 Rb7 52. Kg4 c3 53. Kh5 c2 54. g6+ Kg8 55. Rxe6 Rb8 56. h7+ Kh8 57. g7+ Kxh7 58. Rh6+ Kxg7 59. Rg6+ Kf7 60. e6+ Ke7 0-1

[Event "Hastings Masters op 87th"]
[Site "Hastings"]
[Date "2011.12.29"]
[Round "2"]
[White "Rajesh, Gorak"]
[Black "Bourached, Anthony"]
[Result "0-1"]
[WhiteElo "1401"]
[BlackElo "1895"]
[PlyCount "56"]
[EventDate "2011.12.28"]
[EventType "swiss"]
[EventRounds "9"]
[EventCountry "ENG"]
[SourceTitle "CBM 146 Extra"]
[Source "ChessBase"]
[SourceDate "2012.02.29"]
[SourceVersion "1"]
[SourceVersionDate "2012.02.29"]
[SourceQuality "1"]

1. e4 c5 2. Nf3 d6 3. d4 cxd4 4. Bb5+ Bd7 5. Bxd7+ Nxd7 6. c3 Ngf6 7. Qxd4 e5 8. Qa4 Be7 9. Be3 0-0 10. Nbd2 d5 11. 0-0 Qc7 12. Rac1 h6 13. h3 Bc5 14. Qc2 Rfe8 15. Rfe1 Bxe3 16. fxe3 Nc5 17. exd5 e4 18. Nd4 Nxd5 19. Rb1 Qg3 20. Nf1 Qg6 21. a3 Rac8 22. c4 Ne7 23. b4 Nd3 24. Re2 Nf5 25. c5 Nxd4 26. exd4 Rcd8 27. Qa4 Nf4 28. Reb2 e3 0-1

[Event "Hastings Masters op 87th"]
[Site "Hastings"]
[Date "2011.12.28"]
[Round "1"]
[White "Kurka, Dieter"]
[Black "Rajesh, Gorak"]
[Result "1-0"]
[WhiteElo "2058"]
[BlackElo "1401"]
[PlyCount "97"]
[EventDate "2011.12.28"]
[EventType "swiss"]
[EventRounds "9"]
[EventCountry "ENG"]
[SourceTitle "CBM 146 Extra"]
[Source "ChessBase"]
[SourceDate "2012.02.29"]
[SourceVersion "1"]
[SourceVersionDate "2012.02.29"]
[SourceQuality "1"]

1. d4 Nf6 2. Nf3 c5 3. c4 cxd4 4. Nxd4 g6 5. Nc3 Bg7 6. e3 d6 7. Be2 0-0 8. 0-0 Nc6 9. b3 Nxd4 10. exd4 Be6 11. Bf4 d5 12. c5 Ne4 13. Rc1 Rc8 14. b4 a6 15. Na4 f5 16. f3 Nf6 17. Nb6 Rc6 18. b5 axb5 19. Bxb5 Rxb6 20. cxb6 Qxb6 21. a4 Nh5 22. Be3 f4 23. Bf2 Bf5 24. Rc5 Rd8 25. Bh4 Bf6 26. Bxf6 Qxf6 27. Qd2 Qh4 28. Rfc1 Qf6 29. Rc7 Rb8 30. Qb4 Kf8 31. Re1 Be6 32. Bd7 Ng7 33. Re5 Bxd7 34. Rxd7 Nf5 35. Rexd5 Re8 36. Rxb7 Qe6 37. Re5 Qa2 38. a5 Ne3 39. Qb2 Qc4 40. Qa1 Qe2 41. Rb2 Qa6 42. Re4 g5 43. h4 h6 44. hxg5 hxg5 45. Re5 Kf7 46. Rxg5 Qh6 47. Rbb5 Rh8 48. Rh5 Qg6 49. Qa2+ 1-0

[Event "BCF-chT3 1011 (4NCL)"]
[Site "England"]
[Date "2011.02.20"]
[Round "6.47"]
[White "Rajesh, Gorak"]
[Black "Horton, Jamie A"]
[Result "0-1"]
[WhiteElo "1610"]
[BlackElo "1882"]
[PlyCount "112"]
[EventDate "2010.11.06"]
[EventType "team-swiss"]
[EventRounds "9"]
[EventCountry "ENG"]
[SourceTitle "EXT 2012"]
[Source "ChessBase"]
[SourceDate "2011.11.24"]
[SourceVersion "1"]
[SourceVersionDate "2011.11.24"]
[SourceQuality "1"]
[WhiteTeam "SC Stars"]
[BlackTeam "3CS Oldham II"]
[WhiteTeamCountry "ENG"]
[BlackTeamCountry "ENG"]

1. e4 c5 2. Nf3 g6 3. d4 cxd4 4. Qxd4 Nf6 5. e5 Nc6 6. Qc3 Nd5 7. Qb3 Nb6 8. Bb5 Bg7 9. Bxc6 bxc6 10. 0-0 0-0 11. Qd3 d5 12. exd6 exd6 13. c3 Bf5 14. Qd1 c5 15. Bf4 d5 16. Be3 Rc8 17. Na3 Re8 18. Qd2 Be4 19. Ng5 Bf5 20. Rad1 d4 21. Bf4 a6 22. c4 Na4 23. Nb1 d3 24. Nc3 Nxc3 25. bxc3 Re2 26. Qc1 Rxa2 27. f3 Rc2 28. Qa3 Rxc3 29. Qxa6 Qd4+ 30. Kh1 Qxf4 31. Ne4 Rb3 32. Nd6 Rcb8 33. Nxf5 Qxf5 34. Qd6 Re8 35. Rfe1 Rbb8 36. Rxe8+ Rxe8 37. h3 Be5 38. Qxd3 Qf4 39. Kg1 Qh2+ 40. Kf2 Bd4+ 41. Qxd4 cxd4 42. Rxd4 Qh1 43. Re4 Rxe4 44. fxe4 Qc1 45. e5 Qxc4 46. Kf3 Kg7 47. e6 fxe6 48. g4 Kf6 49. h4 e5 50. g5+ Kf5 51. h5 e4+ 52. Ke3 Qd3+ 53. Kf2 Qf3+ 54. Ke1 e3 55. hxg6 Qf2+ 56. Kd1 Qd2# 0-1